00461nam a2200145Ia 4500008004100000041000800041082001400049100001600063245002600079260003200105300003000137365000900167999001700176952012200193240624s9999 xx 000 0 und d aeng a361.1 CAR aCARL JOHN D aTHINK SOCIAL PROBLEMS c2011aBostonbPrentice Hall axv, : 342 : p. : cm. ; 27 cb30 c19674d19674 00104070aIMTNbIMTNcRack 15-Ad2012-09-27eAPg77.00o361.1 CARp19674r2024-06-24 00:00:00t58.6w2024-06-24yBK